000 00442nam a2200181Ia 4500
001 11165
005 20260306161926.0
008 260306t2016||||xx |||||||||||||| ||spa||
041 _aESP
082 _a985.01
_bK26 2016
100 _aKaulicke, Peter
_eAUT
245 0 _aMemoria y muerte en el Perú antiguo
260 _c2016
300 _axviii, 381 páginas :
_c24 cm.
650 _aGEN
654 _aCHU
942 _cLIB
_dJUS
_fJUS
_2ddc
_n
999 _c11165
_d11165